|
|
|
|
| LEADER |
00000ctmaa2200000 a 4500 |
| 001 |
vtls011770917 |
| 003 |
SK-MaSNL |
| 005 |
20260301095939.0 |
| 008 |
251021s1840 xo || 000 1 lat |
| 035 |
|
|
|a urn:nbn:sk:snk-tm00ekjx
|
| 035 |
|
|
|a urn:nbn:sk:snk-tm3n3gn
|
| 035 |
|
|
|a 915C8000-302C-46A0-926A-E32B6A4A118C
|
| 040 |
|
|
|a SNKLA
|b slo
|c SNKLA
|e AACR2
|
| 041 |
0 |
|
|a lat
|
| 044 |
|
|
|a xo
|c SK
|
| 072 |
|
7 |
|a 2-23/-27
|x Biblia. Biblistika
|2 konspekt
|
| 072 |
|
7 |
|a 37
|x Výchova a vzdelávanie
|2 konspekt
|
| 080 |
|
|
|a 2-277.2
|2 2011
|
| 080 |
|
|
|a 37.091.32
|2 2011
|
| 080 |
|
|
|a 025.171
|2 2011
|
| 080 |
|
|
|a 27-23
|2 2011
|
| 080 |
|
|
|a 686.816((075):37
|2 2011
|
| 100 |
1 |
|
|a Hečko, Pavel,
|d 1825-1895
|4 aut
|9 221103
|
| 245 |
1 |
0 |
|a Hermeneutica Scr. Srae. Biblica
|c Pavel Hečko
|
| 246 |
3 |
3 |
|a Hermeneutica Scripturae Sacrae Biblica
|
| 260 |
|
|
|a [Bratislava]
|c [1840?]
|
| 300 |
|
|
|a 20 nečíslovaných strán
|b rukopis, viazaný
|c 25 cm
|
| 520 |
2 |
|
|a Zošit prednášok autora z výkladu Písma svätého
|
| 555 |
0 |
|
|a Inventár rukopisov Archívu literatúry a umenia Slovenskej národnej knižnice. Rukopisy Muzeálnej slovenskej spoločnosti: Slovenská národná knižnica 2008
|
| 561 |
|
|
|a Okrúhla pečiatka: Museálna slovenská spoločnosť
|
| 610 |
2 |
7 |
|a Evanjelická cirkev a.v.
|2 SNKKA
|9 32425
|
| 610 |
2 |
7 |
|a Evanjelické lýceum v Bratislave
|2 SNKKA
|9 35952
|
| 630 |
0 |
7 |
|a Biblia
|2 SNKPHunif
|9 17043
|
| 650 |
0 |
7 |
|a hermeneutika
|2 SNKPH
|9 18580
|
| 655 |
|
7 |
|a prednášky
|2 SNKPH
|9 70554
|
| 655 |
|
7 |
|a rukopisy
|2 SNKPH
|9 70548
|
| 655 |
|
7 |
|a školské zošity
|2 SNKPH
|9 161741
|
| 852 |
|
|
|a Slovenská národná knižnica
|b Literárny archív
|
| 958 |
|
|
|a MS
|
| 958 |
|
|
|a LAVD
|
| 999 |
|
|
|c 684643
|d 686573
|
| 952 |
|
|
|a SNKLA
|b SNKLA
|c SNKLA_DEP
|y NEVYP
|7 0
|p 17A1228190
|o snkMSS 344
|0 0
|1 0
|4 0
|d 2018-08-07
|f 1
|l 0
|r 2026-02-23 20:08:42
|w 2026-02-23
|